LIBRARY & INFORMATION CENTRE, KCAET, TAVANUR

ONLINE PUBLIC ACCESS CATALOGUE (OPAC)

Development and quality evaluation of retort pouch packed tender jackfruit (Artocarpus heterophyllus L.) (Record no. 15119)

MARC details
000 -LEADER
fixed length control field 00769nam a22001817a 4500
003 - CONTROL NUMBER IDENTIFIER
control field OSt
088 ## - REPORT NUMBER
Report number T 320
100 ## - MAIN ENTRY--AUTHOR NAME
Personal name PRAVEENA N
245 ## - TITLE STATEMENT
Title Development and quality evaluation of retort pouch packed tender jackfruit (Artocarpus heterophyllus L.)
260 ## - PUBLICATION, DISTRIBUTION, ETC. (IMPRINT)
Place of publication Tavanur 2015
Name of publisher Department of Food & Agricultural Process Engineering
300 ## - PHYSICAL DESCRIPTION
Number of Pages 152
500 ## - GENERAL NOTE
General note Development and quality evaluation of retort pouch packed tender jackfruit (Artocarpus heterophyllus L.)
520 ## - SUMMARY, ETC.
Summary, etc Development and quality evaluation of retort pouch packed tender jackfruit (Artocarpus heterophyllus L.)
700 ## - ADDED ENTRY--PERSONAL NAME
Personal name Dr. Sudheer K. P (Guide)
856 ## - ELECTRONIC LOCATION AND ACCESS
Uniform Resource Identifier https://drive.google.com/open?id=1Pyjm2PFRtLvlOrlheLIajOw3KJ5TluV_
942 ## - ADDED ENTRY ELEMENTS (KOHA)
Koha item type Theses
Holdings
Collection code Home library Current library Shelving location Full call number Accession Number Koha item type Public note
Reference KAUAET KAUAET Reference 664 PRA/DE T 320 Theses M.Tech Thesis
free website counter